| Tag |
First Indicator |
Second Indicator |
Subfields |
| LEADER |
00000cam a2200000 i 4500 |
| 001 |
in00004371821 |
| 005 |
20220105160637.0 |
| 008 |
201222t20212021nyu b 001 0 eng d |
| 020 |
|
|
|a 9780197567128
|q hardcover
|
| 020 |
|
|
|a 0197567126
|q hardcover
|
| 035 |
|
|
|a (OCoLC)on1227693480
|
| 040 |
|
|
|a YDX
|e rda
|c YDX
|d BDX
|d GSU
|d MRB
|d BDX
|d UtOrBLW
|
| 043 |
|
|
|a n-us---
|
| 049 |
|
|
|a TXAM
|
| 050 |
|
4 |
|a HV6432
|b .I544 2021
|
| 082 |
0 |
|
|a 327.73
|2 23
|
| 100 |
1 |
|
|a Innes, Michael A.,
|d 1969-
|e author.
|0 http://id.loc.gov/authorities/names/n2006011724
|
| 245 |
1 |
0 |
|a Streets without joy :
|b a political history of sanctuary and war, 1959-2009 /
|c Michael A.K.G. Innes.
|
| 264 |
|
1 |
|a New York :
|b Oxford University Press,
|c [2021]
|
| 264 |
|
4 |
|c ©2021
|
| 300 |
|
|
|a xxii, 389 pages ;
|c 23 cm.
|
| 336 |
|
|
|a text
|b txt
|2 rdacontent
|
| 337 |
|
|
|a unmediated
|b n
|2 rdamedia
|
| 338 |
|
|
|a volume
|b nc
|2 rdacarrier
|
| 504 |
|
|
|a Includes bibliographical references and index.
|
| 505 |
0 |
|
|a Sarajevo routine -- "This is serious business" : seeking truth from facts -- "Dangerous propaganda bait" : the three contingencies of sanctuary historiography -- "None of the ordinary categories" : the Cold War, Indochina and the equivocations of Bernard Fall -- "Call it what you will" : from Saigon to Baghdad, by way of Tripoli -- "The sole line that anyone remembers" : presidential rhetoric and the harboring principle -- "A more granular sense of where" : the 9-11 Commission's sanctuary recommendations -- "Next level" : operationalized variants in the interagency process -- Casteau routine.
|
| 520 |
|
|
|a America's wars after the 9/11 attacks were marked by a political obsession with terrorist 'sanctuaries' and 'safe havens.' From mountain redoubts in Afghanistan to the deserts of Iraq, Washington's policymakers maintained an unwavering focus on finding and destroying the refuges, bases and citadels of modern guerrilla movements, and holding their sponsors to account. This was a preoccupation embedded in nearly every official speech and document of the time, a corpus of material that offered a new logic for thinking about the world. As an exercise in political communication, it was a spectacular success. From 2001 to 2009, President George W. Bush and his closest advisors set terms of reference that cascaded down from the White House, through government and into the hearts and minds of Americans. 'Sanctuary' was the red thread running through all of it, permeating the decisions and discourses of the day. Where did this obsession come from? How did it become such an important feature of American political life? In this new political history, Michael A. Innes explores precedents, from Saigon to Baghdad, and traces how decision-makers and their advisors used ideas of sanctuary to redefine American foreign policy, national security, and enemies real and imagined.
|
| 650 |
|
0 |
|a Terrorist safe havens.
|0 http://id.loc.gov/authorities/subjects/sh2010012289
|
| 651 |
|
0 |
|a United States
|x Foreign relations
|y 1945-1989.
|0 http://id.loc.gov/authorities/subjects/sh85140098
|
| 651 |
|
0 |
|a United States
|x Foreign relations
|y 1989-
|0 http://id.loc.gov/authorities/subjects/sh93001742
|
| 651 |
|
0 |
|a United States
|x Politics and government
|y 1945-1989.
|0 http://id.loc.gov/authorities/subjects/sh85140467
|
| 651 |
|
0 |
|a United States
|x Politics and government
|y 1989-
|0 http://id.loc.gov/authorities/subjects/sh93001744
|
| 651 |
|
0 |
|a United States
|x Military policy.
|0 http://id.loc.gov/authorities/subjects/sh85140379
|
| 650 |
|
0 |
|a National security
|z United States.
|0 http://id.loc.gov/authorities/subjects/sh85140387
|
| 945 |
|
|
|b 53289
|
| 947 |
|
|
|a A14851655234
|
| 948 |
|
|
|a cataloged
|b h
|c 2021/11/15
|d c
|e dmitchel
|f 10:50:40 AM
|
| 994 |
|
|
|a 92
|b TXA
|
| 999 |
f |
f |
|s 5111a45b-434c-3af1-8541-bea23673320b
|i a4f6960f-547e-39b1-b4d9-ee0b9c4f1fa6
|t 0
|
| 952 |
f |
f |
|p normal
|a Texas A&M University
|b College Station
|c Sterling C. Evans Library
|d Evans: Library Stacks
|t 0
|e HV6432 .I544 2021
|h Library of Congress classification
|i unmediated -- volume
|m A14851655234
|
| 998 |
f |
f |
|a HV6432 .I544 2021
|t 0
|l Evans: Library Stacks
|